Further insights into holiness : (Record no. 424)
[ view plain ]
| 000 -LEADER | |
|---|---|
| fixed length control field | 00738cam a22002291i 4500 |
| 001 - CONTROL NUMBER | |
| control field | 7508935 |
| 003 - CONTROL NUMBER IDENTIFIER | |
| control field | Ke-BoTe |
| 005 - DATE AND TIME OF LATEST TRANSACTION | |
| control field | 20211125161924.0 |
| 008 - FIXED-LENGTH DATA ELEMENTS--GENERAL INFORMATION | |
| fixed length control field | 790808s1963 mou 100 0 eng |
| 010 ## - LIBRARY OF CONGRESS CONTROL NUMBER | |
| LC control number | 63013779 |
| 035 ## - SYSTEM CONTROL NUMBER | |
| System control number | (OCoLC)5254336 |
| 040 ## - CATALOGING SOURCE | |
| Original cataloging agency | DLC |
| Transcribing agency | CSdP |
| Modifying agency | DLC |
| 050 00 - LIBRARY OF CONGRESS CALL NUMBER | |
| Classification number | BT767 |
| Item number | .G34 1963 |
| 100 1# - MAIN ENTRY--PERSONAL NAME | |
| Personal name | Geiger, Kenneth, |
| Relator term | comp. |
| 9 (RLIN) | 1056 |
| 245 10 - TITLE STATEMENT | |
| Title | Further insights into holiness : |
| Remainder of title | nineteen leading Wesleyan scholars present various phases of holiness thinking. |
| 260 ## - PUBLICATION, DISTRIBUTION, ETC. | |
| Place of publication, distribution, etc. | Kansas City, Mo. : |
| Name of publisher, distributor, etc. | Beacon Hill Press, |
| Date of publication, distribution, etc. | c1963. |
| 300 ## - PHYSICAL DESCRIPTION | |
| Extent | 349 p. ; |
| Dimensions | 20 cm. |
| 650 #0 - SUBJECT ADDED ENTRY--TOPICAL TERM | |
| Topical term or geographic name entry element | Holiness. |
| 9 (RLIN) | 1033 |
| 710 2# - ADDED ENTRY--CORPORATE NAME | |
| Corporate name or jurisdiction name as entry element | National Holiness Association. |
| 9 (RLIN) | 1057 |
| 906 ## - LOCAL DATA ELEMENT F, LDF (RLIN) | |
| a | 7 |
| b | cbc |
| c | oclcrpl |
| d | u |
| e | ncip |
| f | 19 |
| g | y-gencatlg |
| 942 ## - ADDED ENTRY ELEMENTS (KOHA) | |
| Source of classification or shelving scheme | Library of Congress Classification |
| Koha item type | Books |
| Suppress in OPAC | No |
| Withdrawn status | Lost status | Source of classification or shelving scheme | Damaged status | Not for loan | Collection code | Home library | Current library | Shelving location | Date acquired | Total Checkouts | Full call number | Barcode | Date last seen | Price effective from | Koha item type |
|---|---|---|---|---|---|---|---|---|---|---|---|---|---|---|---|
| Library of Congress Classification | Non-fiction | SCHOOL OF CHAPLAINCY | SCHOOL OF CHAPLAINCY | General Stacks | 23.11.2021 | BT767.G34 1963 | 2611232021 | 23.11.2021 | 23.11.2021 | Books |
